Statistics for Countries with Haitian embassies

Click here to take the quiz!

General Stats

  • This quiz has been taken 59 times
  • The average score is 21 of 27

Answer Stats

ContinentCountry% Correct
South AmericaBrazil
98%
EuropeFrance
98%
North AmericaUnited States of America
98%
North AmericaCanada
94%
South AmericaColombia
94%
EuropeUnited Kingdom
90%
South AmericaVenezuela
90%
South AmericaArgentina
88%
North AmericaDominican Republic
88%
EuropeGermany
88%
South AmericaChile
86%
North AmericaMexico
86%
EuropeSpain
86%
EuropeItaly
84%
North AmericaCuba
78%
South AmericaEcuador
73%
AsiaJapan
73%
North Americathe Bahamas
73%
EuropeBelgium
71%
South AmericaSuriname
69%
North AmericaPanama
65%
AfricaSouth Africa
65%
Europethe Netherlands
63%
AsiaVietnam
51%
EuropeVatican City
49%
AfricaBenin
37%
AsiaTaiwan
33%

Score Distribution

Percentile by Number Answered

Percent of People with Each Score

Your Score History

You have not taken this quiz